000 00693nam a22002417a 4500
001 BR8203528
003 BR-BrBNA
005 20241213164004.0
007 ta
008 230509b bl.||||| |||| 00| 0 por d
040 _aBR-BrBNA
_bpor
_cBiblioteca Nacional de Agricultura
041 _a(Por)
072 _aC00; P12
_b/G514
090 _a C00 BR8203528
_b2024-8339
100 1 _aRusso Junior, M.
110 1 _aCompanhia Energetica de Sao Paulo, SP (Brasil)
_92431
245 1 _aChuvisco: um vegetal que entende de irrigacao [extensao rural, Brasil]
260 3 _aSao Paulo, SP (Brasil):
_c1982.
300 _a10 p.
650 _aEXTENSAO RURAL
650 _aIRRIGACAO
942 _cBK
_2AGRIS
999 _c33475
_d33475